Statistiche per Primi 10 paesi interessati da Covid-19 - 26 aprile

Clicka qui per fare il quiz!

Statistiche generali

  • Questo quiz è stato fatto 4 volte
  • Il punteggio medio è 9 su 16

Statistiche sulle risposte

nazione% Corretto
Cina
100%
Francia
100%
Germania
100%
Italia
100%
Stati Uniti
100%
Russia
75%
Spagna
75%
Iran
50%
Regno Unito
50%
Turchia
50%
Portogallo
25%
Svizzera
25%
Belgio
0%
Irlanda
0%
Qatar
0%
Singapore
0%

Distribuzione punteggi

Percentile per numero di risposta

Percentuale di utenti per punteggio

I tuoi punteggi nel tempo

Non hai fatto questo quiz